BIBLIOTECA “JULIO CORTÁZAR”
ESCUELA AGROTÉCNICA “LIBERTADOR GENERAL SAN MARTÍN” - UNR – CASILDA

Logo Escuela Logo UNR

Resumen del curso sobre mantenimiento práctico del tractor y uso correcto de implementos agrícolas / (Record no. 1600)

MARC details
000 -LEADER
campo de control de longitud fija 00632nam#a22002295a#4500
001 - NÚMERO DE CONTROL
campo de control 1600
008 - DATOS DE LONGITUD FIJA--INFORMACIÓN GENERAL
campo de control de longitud fija 101101s1970####ag#a###f######001#0#spa#d
080 ## - NÚMERO DE LA CLASIFICACIÓN DECIMAL UNIVERSAL
Número de la Clasificación Decimal Universal 631.372
084 ## - OTRO NÚMERO DE CLASIFICACIÓN
Número de clasificación T78
040 ## - FUENTE DE CATALOGACIÓN
Centro catalogador/agencia de origen AR-ClEAG
Centro/agencia transcriptor AR-ClEAG
005 - FECHA Y HORA DE LA ÚLTIMA TRANSACCIÓN
campo de control 20241107184715.0
003 - IDENTIFICADOR DE NÚMERO DE CONTROL
campo de control AR-ClEAG
245 10 - MENCIÓN DEL TÍTULO
Título Resumen del curso sobre mantenimiento práctico del tractor y uso correcto de implementos agrícolas /
Mención de responsabilidad, etc. FAHR.
250 ## - MENCION DE EDICION
Mención de edición 1ª ed.
260 ## - PUBLICACIÓN, DISTRIBUCIÓN, ETC.
Lugar de publicación, distribución, etc. Buenos Aires :
Nombre del editor, distribuidor, etc. FAHR,
Fecha de publicación, distribución, etc. [197?]
300 ## - DESCRIPCIÓN FÍSICA
Extensión 20 p. :
Otras características físicas il. byn. ;
Dimensiones 28 cm.
653 ## - TÉRMINO DE INDIZACIÓN--NO CONTROLADO
Término no controlado Tractores agrícolas
653 ## - TÉRMINO DE INDIZACIÓN--NO CONTROLADO
Término no controlado Motores
653 ## - TÉRMINO DE INDIZACIÓN--NO CONTROLADO
Término no controlado Ingeniería agrícola
710 2# - ENTRADA AGREGADA--NOMBRE DE ENTIDAD CORPORATIVA
Nombre de entidad corporativa o nombre de jurisdicción como elemento de entrada FAHR.
942 ## - ELEMENTOS DE ENTRADA SECUNDARIOS (KOHA)
Tipo de ítem Koha Libros
980 ## - EQUIVALENCIA O REFERENCIA-CRUZADA-MENCIÓN DE SERIE--NOMBRE DE PERSONA/TÍTULO [LOCAL, CANADÁ]
Enlace 2
Nombre de persona Evangelina Gallicchio
Enlace entre campo y número de secuencia 2
Información miscelánea Evangelina Gallicchio
Holdings
Estatus retirado Estado de pérdida Fuente del sistema de clasificación o colocación Estado de daño No para préstamo Biblioteca de origen Biblioteca actual Ubicación en estantería Fecha de adquisición Número de inventario Total de préstamos Signatura topográfica completa Código de barras Visto por última vez Precio de reemplazo Tipo de ítem Koha
    Clasificación decimal universal     Julio Cortázar Julio Cortázar   07/11/2024 137   R3 631.372 T78 Ej.1 137 07/11/2024 07/11/2024 Libros
    Clasificación decimal universal     Julio Cortázar Julio Cortázar   07/11/2024 847   R3 631.372 T78 Ej.2 847 07/11/2024 07/11/2024 Libros
    Clasificación decimal universal     Julio Cortázar Julio Cortázar   07/11/2024 848   R3 631.372 T78 Ej.3 848 07/11/2024 07/11/2024 Libros
    Clasificación decimal universal     Julio Cortázar Julio Cortázar   07/11/2024 849   R3 631.372 T78 Ej.4 849 07/11/2024 07/11/2024 Libros

Contacto

Biblioteca Julio Cortázar. Escuela Agrotécnica "Libertador San Martín". Universidad Nacional de Rosario
Dirección: Ov. Lagos 1000 - 2170 Casilda - Santa Fe - Argentina
Tel: (54) (03464) 422226.
Fax: (54) (03464) 427789.
E-Mail: biblio-eac@unr.edu.ar